000 00285nam a22001337a 4500
008 170928b xxu||||| |||| 00| 0 eng d
020 _a9780382251030
041 _aeng
080 _a37
100 _a47
101 _aEDU
245 _aWORLD OF LANGUAGE
_cGINN, S.B
942 _2udc
_cBK
999 _c30349
_d30349